000 00653nam a2200217Ii 4500
003 JO-AjNU
008 230605s9999||||xx |||||||||||||| ||und||
020 _a978-9953-13-737-7
040 _aJO-AjNU
_bara
_erda
_cJO-AjNU
041 _aara
050 1 4 _aPJ7507.B359 2012
100 3 _aبكار، يوسف,
_eauthor
_945384
245 0 0 _aفي تحقيق التراث ونقدة
250 _aط1
264 3 1 _aبيروت: دار صادر، 2012
300 _a187ص
336 _atext
_btxt
_2rdacontent
337 _aunmediated
_bn
_2rdamedia
338 _avolume
_bnc
_2rdacarrier
650 4 _aالتراث ونقدة-النقد-تاريخ
_945385
999 _aA19668
_c23236
_d23236